عرض عادي
عرض مارك
- Theobald, Theo,
مدخل إسم شخص
001 - رقم الضبط
- حقل الضبط: 44666
003 - معرف رقم الضبط
- حقل الضبط: OSt
005 - تاريخ ووقت أخر عملية
- حقل الضبط: 20140511133430.0
008 - عناصر بيانات ثابتة الطول
- حقل تحكم ثابت الطول: 140511|||a|||||| | ||| d
040 ## - مصدر الفهرسة
- هيئة الفهرسة الأصلية: OSt
- وكالة الكتابة: OSt
100 ## - مدخل -- أسم شخص
- إسم شخص: Theobald, Theo,
- تواريخ مرتبطة بالاسم: 1957-
670 ## - بيانات المصدر موجوده
- الاستشهاد بالمصدر: Work cat.: (OSt)0: Theobald, Theo, 1957-, Develop your presentation skills /
